Online
Catalog

Plaguicidas, toxicológía, sintomatología y terapia / (Record no. 24884)

MARC details
000 -CABECERA
campo de control de longitud fija 00645nam a2200193 a 4500
001 - NÚMERO DE CONTROL
campo de control 000025392
005 - FECHA Y HORA DE LA ÚLTIMA TRANSACCIÓN
campo de control 20200930023745.0
008 - DATOS DE LONGITUD FIJA--INFORMACIÓN GENERAL
campo de control de longitud fija 110215s1968 sp a r 001 0 spa d
040 ## - FUENTE DE LA CATALOGACIÓN
Centro catalogador/agencia de origen DO-SdBNP
Lengua de catalogación spa
Centro/agencia transcriptor BNPHU
082 ## - NÚMERO DE LA CLASIFICACIÓN DECIMAL DEWEY
Número de clasificación xxxxx
Número de documento/Ítem K653p
049 ## - FONDOS LOCALES (OCLC)
Fondos de biblioteca BNGR
100 1# - ENTRADA PRINCIPAL--NOMBRE DE PERSONA
Nombre de persona Klimmer, O. R.
9 (RLIN) 51981
245 10 - MENCIÓN DE TÍTULO
Título Plaguicidas, toxicológía, sintomatología y terapia /
Mención de responsabilidad, etc. O. R. Klimmer ; traducción M. Kregar.
260 ## - PUBLICACIÓN, DISTRIBUCIÓN, ETC.
Lugar de publicación, distribución, etc. Barcelona, España :
Nombre del editor, distribuidor, etc. Oikos-tau,
Fecha de publicación, distribución, etc. 1968.
300 ## - DESCRIPCIÓN FÍSICA
Extensión 162 p. :
Otras características físicas il. ;
Dimensiones 18.5 cm.
500 ## - NOTA GENERAL
Nota general Incluye índice alfabético.
500 ## - NOTA GENERAL
Nota general Incluye referencias bibilográficas p. [151-154].
700 1# - PUNTO DE ACCESO ADICIONAL--NOMBRE DE PERSONA
Nombre de persona Kregar, M.,
Término indicativo de función/relación tr.
9 (RLIN) 51982
Holdings
Estado de retiro Estado de pérdida Restricciones de uso No para préstamo Código de colección Localización permanente Ubicación/localización actual Ubicación en estantería Fecha de adquisición Número de inventario Total de préstamos Signatura topográfica completa Código de barras Fecha visto por última vez Precio válido a partir de Tipo de ítem Koha
        Monografías: Libros y Folletos General General En catalogación 15.02.2011 LF1   xxxxx K653p 25392-10 25.06.2020 25.06.2020 Préstamo en sala

Powered by Koha